[Event "Titled Tuesday intern op 14th May Late"]
[Site "Chess.com INT"]
[Date "2024.05.14"]
[Round "1"]
[White "Kunz, Andre"]
[Black "Sailer, Mike L"]
[Result "1-0"]
[WhiteElo "2184"]
[BlackElo "2095"]
[PlyCount "39"]
[EventDate "2024.05.14"]
[EventType "swiss (blitz)"]
[EventRounds "11"]
[EventCountry "USA"]
[SourceTitle "CB21_2024"]
[SourceDate "2024.05.22"]
[SourceVersion "1"]
[SourceVersionDate "2024.05.22"]
[SourceQuality "1"]

1. e4 d5 2. exd5 Qxd5 3. h3 Nf6 4. Nc3 Qd6 5. Nf3 c6 6. Bc4 Bf5 7. d4 e6 8. 0-0 Nbd7 9. Qe2 Nb6 10. Bb3 Be7 11. Re1 0-0 12. Bg5 h6 13. Bh4 Qc7 14. Rad1 a5 15. a3 a4 16. Ba2 Ra5 17. g4 Bh7 18. Bg3 Nbd5 19. Bxc7 Nxc7 20. Ne5 1-0

[Event "Titled Tuesday intern op 16th Apr Late"]
[Site "Chess.com INT"]
[Date "2024.04.16"]
[Round "1"]
[White "Koutlas, Nikolaos"]
[Black "Sailer, Mike L"]
[Result "1-0"]
[WhiteElo "2332"]
[BlackElo "2095"]
[PlyCount "89"]
[EventDate "2024.04.16"]
[EventType "swiss (blitz)"]
[EventRounds "11"]
[EventCountry "USA"]
[SourceTitle "CB17_2024"]
[SourceDate "2024.04.24"]
[SourceVersion "1"]
[SourceVersionDate "2024.04.24"]
[SourceQuality "1"]

1. Nf3 d5 2. e3 Nf6 3. c4 e6 4. b3 c5 5. cxd5 exd5 6. Bb2 Nc6 7. Bb5 Bd7 8. 0-0 a6 9. Bxc6 Bxc6 10. Ne5 Bb5 11. d3 Bd6 12. a4 Bxe5 13. Bxe5 Bc6 14. Nc3 0-0 15. d4 Re8 16. Rc1 cxd4 17. Qxd4 Qe7 18. Bxf6 Qxf6 19. Qxf6 gxf6 20. Rfd1 Rad8 21. Rd4 Re5 22. b4 b6 23. b5 axb5 24. axb5 Bb7 25. Na4 Re6 26. Rc7 Ba8 27. h3 Kg7 28. Kf1 Kg6 29. Ke2 f5 30. Kf3 Kf6 31. Nc3 Re7 32. Rxe7 Kxe7 33. Kf4 Ke6 34. g3 Rc8 35. Na4 Rc4 36. Nxb6 Rxd4+ 37. exd4 Bb7 38. Na4 Bc8 39. Nc5+ Kd6 40. b6 Kc6 41. b7 Bxb7 42. Nxb7 Kxb7 43. Kxf5 Kc6 44. Ke5 Kb5 45. Kxd5 1-0

[Event "Titled Tuesday intern op 16th Apr Late"]
[Site "Chess.com INT"]
[Date "2024.04.16"]
[Round "4"]
[White "Molina Carretero, Daniel"]
[Black "Sailer, Mike L"]
[Result "0-1"]
[WhiteElo "2174"]
[BlackElo "2095"]
[PlyCount "88"]
[EventDate "2024.04.16"]
[EventType "swiss (blitz)"]
[EventRounds "11"]
[EventCountry "USA"]
[SourceTitle "CB17_2024"]
[SourceDate "2024.04.24"]
[SourceVersion "1"]
[SourceVersionDate "2024.04.24"]
[SourceQuality "1"]

1. c4 e6 2. g3 d5 3. Bg2 Nf6 4. Nf3 Be7 5. 0-0 0-0 6. d4 c5 7. cxd5 exd5 8. dxc5 Bxc5 9. a3 Nc6 10. b4 Bb6 11. Bb2 Be6 12. Nbd2 Qe7 13. Nb3 Rfd8 14. Nfd4 Ne5 15. Nxe6 Qxe6 16. Nd4 Qd7 17. Nf3 Nc4 18. Bxf6 gxf6 19. Nh4 Qg4 20. Bf3 Qg5 21. Qc2 Rac8 22. Rac1 Rc7 23. Qf5 Nxa3 24. Rxc7 Bxc7 25. Bxd5 Rxd5 26. Qc8+ Bd8 27. e4 Rd2 28. Nf3 Qh6 29. Nxd2 Qxd2 30. Qxb7 Bb6 31. Qd5 Qxb4 32. Rc1 Kg7 33. Rc8 Qe1+ 34. Kg2 Qxf2+ 35. Kh3 Qf1+ 36. Kh4 Nb5 37. Qd2 Nd4 38. Qb4 Nf3+ 39. Kg4 Ne5+ 40. Kh4 Nf3+ 41. Kg4 Nxh2+ 42. Kh4 Nf3+ 43. Kg4 Ne5+ 44. Kh4 Qh1# 0-1

[Event "Titled Tuesday intern op 02nd Apr Late"]
[Site "Chess.com INT"]
[Date "2024.04.02"]
[Round "1"]
[White "Kotlyar, Kirill"]
[Black "Sailer, Mike L"]
[Result "1-0"]
[WhiteElo "2390"]
[BlackElo "2095"]
[PlyCount "83"]
[EventDate "2024.04.02"]
[EventType "swiss (blitz)"]
[EventRounds "11"]
[EventCountry "USA"]
[SourceTitle "CB15_2024"]
[SourceDate "2024.04.10"]
[SourceVersion "1"]
[SourceVersionDate "2024.04.10"]
[SourceQuality "1"]

1. e4 d5 2. exd5 Qxd5 3. Nc3 Qd6 4. d4 c6 5. Nf3 Bg4 6. Be3 Nf6 7. Qd2 e6 8. Ne5 Bh5 9. f3 Nbd7 10. 0-0-0 Nxe5 11. dxe5 Qxd2+ 12. Rxd2 Nd5 13. Nxd5 exd5 14. h4 Bg6 15. c4 Bb4 16. Rd1 dxc4 17. Bxc4 Bf5 18. g4 Be6 19. Bxe6 fxe6 20. Rd3 0-0 21. f4 Rad8 22. Rhd1 Rxd3 23. Rxd3 Be7 24. h5 Rd8 25. Rxd8+ Bxd8 26. Bxa7 Kf7 27. Be3 g6 28. Kc2 gxh5 29. gxh5 Ke7 30. Kd3 Kd7 31. Ke4 Bh4 32. Bc5 b5 33. f5 exf5+ 34. Kxf5 Be1 35. e6+ Ke8 36. Kf6 Bd2 37. Kg7 h6 38. Kg6 Bc1 39. Ba3 Bd2 40. Bc5 Bc1 41. Kg7 Bxb2+ 42. Kxh6 1-0

[Event "Titled Tuesday intern op 02nd Apr Early"]
[Site "Chess.com INT"]
[Date "2024.04.02"]
[Round "5"]
[White "Mikhaylova, Irina"]
[Black "Sailer, Mike L"]
[Result "0-1"]
[WhiteElo "2169"]
[BlackElo "2095"]
[PlyCount "132"]
[EventDate "2024.04.02"]
[EventType "swiss (blitz)"]
[EventRounds "11"]
[EventCountry "USA"]
[SourceTitle "CB15_2024"]
[SourceDate "2024.04.10"]
[SourceVersion "1"]
[SourceVersionDate "2024.04.10"]
[SourceQuality "1"]

1. d4 d5 2. Nf3 Nf6 3. c4 Bf5 4. cxd5 Bxb1 5. Rxb1 Qxd5 6. a3 Nc6 7. e3 0-0-0 8. Qc2 e6 9. Bc4 Qh5 10. Be2 Qg4 11. 0-0 Qe4 12. Qxe4 Nxe4 13. Bd3 Nd6 14. Bd2 h6 15. b4 g5 16. h3 Bg7 17. Rfc1 Kb8 18. a4 f5 19. b5 Ne7 20. Bb4 Nd5 21. Ba3 Bf6 22. Rc2 h5 23. Ne5 Bxe5 24. dxe5 Nf7 25. Bb2 Nb4 26. Rc4 Nxd3 27. Bd4 Ndxe5 28. Rc2 g4 29. Rc5 Nd7 30. Rc2 gxh3 31. gxh3 Rhg8+ 32. Kh2 Rg6 33. f4 Rdg8 34. Rf1 e5 35. fxe5 Nfxe5 36. Rxf5 Re8 37. Rxh5 Nf7 38. Rf5 Nh6 39. Rf4 Nb6 40. Rh4 Nd5 41. Rh5 Nxe3 42. Bxe3 Rxe3 43. Rg2 Rxg2+ 44. Kxg2 Re6 45. Kg3 b6 46. Kf4 Rd6 47. Kg5 Nf7+ 48. Kf5 Nd8 49. Rh8 Kb7 50. h4 Rd7 51. h5 Nf7 52. Rh7 Nd6+ 53. Kg6 Rxh7 54. Kxh7 c5 55. bxc6+ Kxc6 56. Kg6 Ne8 57. Kf7 Nd6+ 58. Kg6 Kd5 59. h6 Ke6 60. Kg7 Nf7 61. h7 a6 62. Kg6 b5 63. axb5 axb5 64. Kh5 b4 65. Kg4 b3 66. h8Q Nxh8 0-1

[Event "Titled Tuesday intern op 02nd Apr Early"]
[Site "Chess.com INT"]
[Date "2024.04.02"]
[Round "4"]
[White "Mirzoev, Azer"]
[Black "Sailer, Mike L"]
[Result "1-0"]
[WhiteElo "2447"]
[BlackElo "2095"]
[PlyCount "61"]
[EventDate "2024.04.02"]
[EventType "swiss (blitz)"]
[EventRounds "11"]
[EventCountry "USA"]
[SourceTitle "CB15_2024"]
[SourceDate "2024.04.10"]
[SourceVersion "1"]
[SourceVersionDate "2024.04.10"]
[SourceQuality "1"]

1. c4 g6 2. Nc3 Bg7 3. g3 d6 4. Bg2 c6 5. h4 h6 6. d3 Nf6 7. e4 e5 8. Nge2 Be6 9. f4 Bg4 10. 0-0 c5 11. Be3 Nc6 12. Qd2 Bxe2 13. Qxe2 Nd4 14. Qd1 h5 15. Bh3 Bh6 16. Kh1 0-0 17. fxe5 Bxe3 18. exf6 Ne6 19. Nd5 Bd4 20. Qd2 Kh7 21. Rab1 Nc7 22. b4 Nxd5 23. cxd5 b6 24. bxc5 bxc5 25. Qg5 Rb8 26. Rxb8 Qxb8 27. Bf5 Qb2 28. Qxh5+ Kg8 29. Bxg6 fxg6 30. Qxg6+ Kh8 31. Qg7# 1-0

[Event "Titled Tuesday intern op 02nd Apr Early"]
[Site "Chess.com INT"]
[Date "2024.04.02"]
[Round "8"]
[White "Radhakrishnan, Sharath"]
[Black "Sailer, Mike L"]
[Result "1-0"]
[WhiteElo "1963"]
[BlackElo "2095"]
[PlyCount "61"]
[EventDate "2024.04.02"]
[EventType "swiss (blitz)"]
[EventRounds "11"]
[EventCountry "USA"]
[SourceTitle "CB15_2024"]
[SourceDate "2024.04.10"]
[SourceVersion "1"]
[SourceVersionDate "2024.04.10"]
[SourceQuality "1"]

1. e4 d5 2. exd5 Qxd5 3. Nf3 Bg4 4. Be2 Nc6 5. Nc3 Qd7 6. 0-0 0-0-0 7. d3 e5 8. Be3 Nf6 9. Ne4 Nxe4 10. dxe4 Qe6 11. Qe1 f6 12. Qc3 Bd6 13. Qb3 Kb8 14. Bc4 Qc8 15. Nd2 Rhe8 16. f3 Be6 17. c3 Bxc4 18. Nxc4 Qd7 19. Rad1 Qe7 20. Rd5 g5 21. Rfd1 h5 22. a4 g4 23. a5 gxf3 24. a6 b6 25. Qb5 Qd7 26. Nxd6 cxd6 27. Rxd6 Qxd6 28. Rxd6 Rxd6 29. Bxb6 Ka8 30. Bc7 Rd1+ 31. Kf2 1-0

[Event "Titled Tuesday intern op 02nd Apr Early"]
[Site "Chess.com INT"]
[Date "2024.04.02"]
[Round "1"]
[White "Sailer, Mike L"]
[Black "Jia, Haoxiang"]
[Result "1/2-1/2"]
[WhiteElo "2095"]
[BlackElo "2331"]
[PlyCount "90"]
[EventDate "2024.04.02"]
[EventType "swiss (blitz)"]
[EventRounds "11"]
[EventCountry "USA"]
[SourceTitle "CB15_2024"]
[SourceDate "2024.04.10"]
[SourceVersion "1"]
[SourceVersionDate "2024.04.10"]
[SourceQuality "1"]

1. d4 Nf6 2. Nf3 g6 3. Bf4 Bg7 4. e3 0-0 5. Be2 d6 6. h3 b6 7. 0-0 Bb7 8. a4 a6 9. c4 Nbd7 10. a5 bxa5 11. Rxa5 c5 12. Qa4 cxd4 13. exd4 Nb6 14. Qa3 Bxf3 15. gxf3 d5 16. c5 Nc4 17. Bxc4 dxc4 18. Be5 Nd5 19. Rxa6 Bxe5 20. dxe5 Rc8 21. Nc3 Nf4 22. Rd1 Qc7 23. Nd5 Qxe5 24. Nxf4 Qxf4 25. c6 Qg5+ 26. Kh1 Rfd8 27. Rxd8+ Rxd8 28. Ra8 Qc1+ 29. Kg2 Qg5+ 30. Kh1 Rxa8 31. Qxa8+ Kg7 32. Qb8 Qf6 33. c7 Qxf3+ 34. Kg1 Qd1+ 35. Kh2 Qd6+ 36. Kg1 Qd1+ 37. Kg2 Qd5+ 38. Kf1 Qh1+ 39. Ke2 Qe4+ 40. Kf1 Qh1+ 41. Ke2 Qe4+ 42. Kf1 Qd3+ 43. Kg2 Qd5+ 44. Kf1 Qd1+ 45. Kg2 Qd5+ 1/2-1/2

[Event "Titled Tuesday intern op 02nd Apr Late"]
[Site "Chess.com INT"]
[Date "2024.04.02"]
[Round "3"]
[White "Sailer, Mike L"]
[Black "Playa, Marcelo"]
[Result "0-1"]
[WhiteElo "2095"]
[BlackElo "2376"]
[PlyCount "88"]
[EventDate "2024.04.02"]
[EventType "swiss (blitz)"]
[EventRounds "11"]
[EventCountry "USA"]
[SourceTitle "CB15_2024"]
[SourceDate "2024.04.10"]
[SourceVersion "1"]
[SourceVersionDate "2024.04.10"]
[SourceQuality "1"]

1. d4 e6 2. Nf3 Nf6 3. Bg5 d5 4. e3 c5 5. c3 Nc6 6. Bd3 h6 7. Bh4 Be7 8. Nbd2 0-0 9. 0-0 Nd7 10. Bg3 b6 11. h3 Bf6 12. Bh2 e5 13. dxe5 Ndxe5 14. Nxe5 Nxe5 15. Bc2 Re8 16. Nf3 Ng6 17. Bxg6 fxg6 18. Qc2 Bf5 19. Qa4 Be4 20. Rad1 Qc8 21. Nd2 Bd3 22. Rfe1 b5 23. Qa3 a5 24. Bd6 c4 25. Nf3 Qe6 26. Nd4 Bxd4 27. exd4 Qf6 28. Qc5 Qf5 29. Re5 Rxe5 30. Bxe5 Qd7 31. Re1 Rc8 32. Qa3 Qd8 33. Bg3 Qf8 34. Bd6 Qd8 35. Be7 Qd7 36. Bh4 g5 37. Bg3 Re8 38. Rxe8+ Qxe8 39. Qxa5 Qe1+ 40. Kh2 Qe2 41. Qd8+ Kh7 42. Qxd5 Qxb2 43. Qf7 Bg6 44. Be5 Bxf7 0-1

[Event "Titled Tuesday intern op 02nd Apr Late"]
[Site "Chess.com INT"]
[Date "2024.04.02"]
[Round "2"]
[White "Slovineanu, Viacheslav"]
[Black "Sailer, Mike L"]
[Result "1-0"]
[WhiteElo "2412"]
[BlackElo "2095"]
[PlyCount "31"]
[EventDate "2024.04.02"]
[EventType "swiss (blitz)"]
[EventRounds "11"]
[EventCountry "USA"]
[SourceTitle "CB15_2024"]
[SourceDate "2024.04.10"]
[SourceVersion "1"]
[SourceVersionDate "2024.04.10"]
[SourceQuality "1"]

1. d4 d5 2. Nf3 Nf6 3. c4 Bf5 4. Nc3 e6 5. Bg5 Be7 6. Qb3 Nc6 7. Bxf6 gxf6 8. cxd5 Nb4 9. e4 Bg4 10. a3 Na6 11. Qxb7 exd5 12. Bxa6 dxe4 13. Qxe4 Bxf3 14. Qxf3 Rb8 15. 0-0 Qxd4 16. Rad1 1-0

[Event "Titled Tuesday intern op 02nd Apr Early"]
[Site "Chess.com INT"]
[Date "2024.04.02"]
[Round "11"]
[White "Thorhallsson, Simon"]
[Black "Sailer, Mike L"]
[Result "0-1"]
[WhiteElo "2173"]
[BlackElo "2095"]
[PlyCount "74"]
[EventDate "2024.04.02"]
[EventType "swiss (blitz)"]
[EventRounds "11"]
[EventCountry "USA"]
[SourceTitle "CB15_2024"]
[SourceDate "2024.04.10"]
[SourceVersion "1"]
[SourceVersionDate "2024.04.10"]
[SourceQuality "1"]

1. e4 d5 2. exd5 Qxd5 3. Nc3 Qd6 4. d4 c6 5. Nf3 Bg4 6. h3 Bh5 7. g4 Bg6 8. Ne5 Nd7 9. Nc4 Qc7 10. Bg2 e6 11. Qf3 Nb6 12. Ne5 Qd8 13. Nxg6 hxg6 14. Bf4 Bd6 15. 0-0-0 Bxf4+ 16. Qxf4 Nf6 17. Rhe1 Qd7 18. g5 Nfd5 19. Nxd5 Nxd5 20. Qe5 Rh7 21. Kb1 0-0-0 22. a3 Qc7 23. Qe4 Nf4 24. Bf1 Rd5 25. c4 Rxg5 26. d5 c5 27. dxe6 Nxe6 28. Rd5 Rhh5 29. Bg2 a6 30. Ka2 Kb8 31. Rxg5 Rxg5 32. Rd1 Re5 33. Qf3 Rf5 34. Qe4 Rxf2 35. Rd3 Nd4 36. Rg3 Qb6 37. Qe8+ Ka7 0-1

[Event "Titled Tuesday intern op 12th Mar Early"]
[Site "Chess.com INT"]
[Date "2024.03.12"]
[Round "7"]
[White "Sailer, Mike L"]
[Black "Krivenko, Dion"]
[Result "1/2-1/2"]
[WhiteElo "2095"]
[BlackElo "2258"]
[PlyCount "73"]
[EventDate "2024.03.12"]
[EventType "swiss (blitz)"]
[EventRounds "11"]
[EventCountry "USA"]
[SourceTitle "CB12_2024"]
[SourceDate "2023.10.01"]
[SourceVersion "1"]
[SourceVersionDate "2023.10.01"]
[SourceQuality "1"]

1. d4 g6 2. Nf3 Bg7 3. Bf4 d6 4. e3 Nc6 5. Be2 Nf6 6. h3 0-0 7. 0-0 Bf5 8. c4 Ne4 9. Nc3 a6 10. Nxe4 Bxe4 11. a3 h6 12. b4 e5 13. Bh2 exd4 14. Nxd4 Qg5 15. Bf3 Nxd4 16. exd4 Bxf3 17. Qxf3 Bxd4 18. Rad1 Bg7 19. Qxb7 Qe7 20. Rfe1 Qd7 21. c5 Rfb8 22. Qd5 a5 23. cxd6 cxd6 24. Bxd6 Rd8 25. Re7 Qxe7 26. Bxe7 Rxd5 27. Rxd5 Re8 28. Bc5 axb4 29. axb4 Re1+ 30. Kh2 Rb1 31. g3 h5 32. Kg2 Rb2 33. Rd8+ Kh7 34. Rd7 Kg8 35. Rd8+ Kh7 36. Rd7 Kg8 37. Rd8+ 1/2-1/2

[Event "Titled Tuesday intern op 13th Feb Late"]
[Site "Chess.com INT"]
[Date "2024.02.13"]
[Round "5"]
[White "Sailer, Mike L"]
[Black "Dzierzak, Radoslaw"]
[Result "1-0"]
[WhiteElo "2095"]
[BlackElo "2215"]
[PlyCount "97"]
[EventDate "2024.02.13"]
[EventType "swiss (blitz)"]
[EventRounds "11"]
[EventCountry "USA"]
[SourceTitle "CB08_2024"]
[SourceDate "2024.02.21"]
[SourceVersion "1"]
[SourceVersionDate "2024.02.21"]
[SourceQuality "1"]

1. d4 Nf6 2. Nf3 e6 3. Bf4 c5 4. e3 cxd4 5. exd4 b6 6. Bd3 Bb7 7. 0-0 Be7 8. Nbd2 0-0 9. a4 a6 10. c3 d6 11. h3 Nbd7 12. Re1 Re8 13. Qc2 Nf8 14. c4 Rc8 15. b4 Nd5 16. Bh2 Nxb4 17. Qc3 d5 18. c5 bxc5 19. Bf1 cxd4 20. Qxd4 Nc2 21. Qa7 Nxe1 22. Qxb7 Nxf3+ 23. Nxf3 a5 24. Bb5 Rb8 25. Bxb8 Qxb8 26. Qa6 Rc8 27. Qxa5 e5 28. Qd2 d4 29. Re1 Bd6 30. Qe2 Ng6 31. h4 Nf4 32. Qe4 f6 33. g3 Ng6 34. h5 Ne7 35. h6 g6 36. Qg4 Kf7 37. Bd7 f5 38. Ng5+ Kg8 39. Be6+ Kh8 40. Nf7+ Kg8 41. Qg5 Kf8 42. Qf6 Ng8 43. Qg7+ Ke7 44. Nxd6+ Kxd6 45. Qd7+ Kc5 46. Rc1+ Kb4 47. Rb1+ Kc3 48. Rxb8 Rxb8 49. Qc7+ 1-0

[Event "Titled Tuesday intern op 13th Feb Early"]
[Site "Chess.com INT"]
[Date "2024.02.13"]
[Round "2"]
[White "Sailer, Mike L"]
[Black "Terzi, Alexei"]
[Result "0-1"]
[WhiteElo "2095"]
[BlackElo "2254"]
[PlyCount "92"]
[EventDate "2024.02.13"]
[EventType "swiss (blitz)"]
[EventRounds "11"]
[EventCountry "USA"]
[SourceTitle "CB08_2024"]
[SourceDate "2024.02.21"]
[SourceVersion "1"]
[SourceVersionDate "2024.02.21"]
[SourceQuality "1"]

1. d4 Nf6 2. Bf4 d5 3. e3 e6 4. Nf3 Bd6 5. Bd3 0-0 6. 0-0 b6 7. Nbd2 Ba6 8. Ne5 Bxd3 9. cxd3 c5 10. Ndf3 Qe7 11. Bg5 h6 12. Bh4 Rc8 13. Qa4 a6 14. Rac1 Ra7 15. dxc5 bxc5 16. d4 Rac7 17. dxc5 Rxc5 18. Rxc5 Rxc5 19. a3 Qc7 20. Bxf6 gxf6 21. Qe8+ Kg7 22. Nd3 Rc2 23. g3 Qd7 24. Qxd7 Nxd7 25. Rd1 Nc5 26. Nd4 Rc4 27. Nxc5 Bxc5 28. Rd2 f5 29. Kf1 Kf6 30. Ke2 Bb6 31. Kd3 Rc1 32. h4 e5 33. Nb3 Rf1 34. Ke2 Rb1 35. Rc2 Kg7 36. Nc1 d4 37. Nd3 e4 38. exd4 exd3+ 39. Kxd3 Rd1+ 40. Kc4 Rxd4+ 41. Kc3 Rd6 42. Re2 Rc6+ 43. Kb3 Bd4 44. Kb4 Rb6+ 45. Kc4 Rxb2 46. Kxd4 Rxe2 0-1

[Event "Titled Tuesday intern op 13th Feb Late"]
[Site "Chess.com INT"]
[Date "2024.02.13"]
[Round "7"]
[White "Silvestre, Christian"]
[Black "Sailer, Mike L"]
[Result "1-0"]
[WhiteElo "1942"]
[BlackElo "2095"]
[PlyCount "163"]
[EventDate "2024.02.13"]
[EventType "swiss (blitz)"]
[EventRounds "11"]
[EventCountry "USA"]
[SourceTitle "CB08_2024"]
[SourceDate "2024.02.21"]
[SourceVersion "1"]
[SourceVersionDate "2024.02.21"]
[SourceQuality "1"]

1. e4 d5 2. Nf3 dxe4 3. Ng5 Bf5 4. g4 Bd7 5. Bg2 Nf6 6. h3 Bc6 7. Nc3 e6 8. Qe2 Qd4 9. Ncxe4 Nxe4 10. Nxe4 Be7 11. c3 Qb6 12. 0-0 Nd7 13. a4 a5 14. d4 0-0 15. Be3 Qa6 16. Qc2 Nf6 17. Nxf6+ Bxf6 18. f3 h6 19. Rf2 e5 20. Bf1 b5 21. dxe5 Bxe5 22. Qf5 Rfe8 23. f4 Bd6 24. axb5 Qc8 25. Qxc8 Raxc8 26. Bd4 Bd7 27. Rxa5 Re4 28. Bg2 Rxf4 29. Rxf4 Bxf4 30. c4 Re8 31. Ra1 Re2 32. Rf1 g5 33. Rf2 Re1+ 34. Bf1 f5 35. Bc3 Rb1 36. Re2 fxg4 37. Re7 Bf5 38. c5 gxh3 39. Kf2 g4 40. Bc4+ Kf8 41. Rf7+ Ke8 42. Rxf5 g3+ 43. Kf3 h2 44. Rh5 g2 45. Kxg2 Rg1+ 46. Kf3 h1Q+ 47. Rxh1 Rxh1 48. Bd5 Bg5 49. b6 cxb6 50. cxb6 Rh3+ 51. Kg4 Rh4+ 52. Kf5 Rf4+ 53. Ke6 Rf6+ 54. Bxf6 Bxf6 55. Kxf6 Kd7 56. b7 Kc7 57. Kg6 h5 58. Kg5 h4 59. Kg4 h3 60. Kg3 h2 61. Bh1 Kb8 62. Kf2 Kc7 63. Ke1 Kb8 64. Kd2 Kc7 65. Kc2 Kb8 66. b4 Kc7 67. Kd3 Kb8 68. Ke3 Kc7 69. Kf4 Kb8 70. Kg3 Kc7 71. Kxh2 Kb8 72. Kg3 Kc7 73. Kf2 Kb8 74. Ke3 Kc7 75. Kd4 Kb8 76. Kc4 Kc7 77. Kb5 Kb8 78. Ka6 Kc7 79. Ka7 Kd7 80. Bg2 Kc7 81. Bf1 Kd6 82. b8Q+ 1-0

[Event "Titled Tuesday intern op 13th Feb Early"]
[Site "Chess.com INT"]
[Date "2024.02.13"]
[Round "3"]
[White "Travkina, Anastasia"]
[Black "Sailer, Mike L"]
[Result "1-0"]
[WhiteElo "2202"]
[BlackElo "2095"]
[PlyCount "69"]
[EventDate "2024.02.13"]
[EventType "swiss (blitz)"]
[EventRounds "11"]
[EventCountry "USA"]
[SourceTitle "CB08_2024"]
[SourceDate "2024.02.21"]
[SourceVersion "1"]
[SourceVersionDate "2024.02.21"]
[SourceQuality "1"]

1. e4 d5 2. exd5 Qxd5 3. Nc3 Qd6 4. d4 c6 5. Bc4 Nf6 6. Nge2 Bg4 7. f3 Bf5 8. Bf4 Qb4 9. Bb3 e6 10. Bc7 Na6 11. a3 Qe7 12. Be5 h5 13. 0-0 Qd8 14. Ng3 Bg6 15. Nge4 Be7 16. Ng5 Nc7 17. Qe1 Ncd5 18. Qg3 h4 19. Qh3 Ne3 20. Rfe1 Bf5 21. g4 Nexg4 22. fxg4 Nxg4 23. Qf1 Bxg5 24. Bxg7 Rg8 25. Qxf5 Rxg7 26. Bxe6 Qxd4+ 27. Kh1 Nf2+ 28. Kg2 Bd2+ 29. Kf3 Bxe1 30. Rxe1 fxe6 31. Qxe6+ Kf8 32. Re4 Qd7 33. Rf4+ Rf7 34. Qxd7 Rxf4+ 35. Kxf4 1-0

[Event "Titled Tuesday intern op 06th Feb Early"]
[Site "Chess.com INT"]
[Date "2024.02.06"]
[Round "1"]
[White "Avramidou, Anastasia"]
[Black "Sailer, Mike L"]
[Result "1-0"]
[WhiteElo "2287"]
[BlackElo "2095"]
[PlyCount "29"]
[EventDate "2024.02.06"]
[EventType "swiss (blitz)"]
[EventRounds "11"]
[EventCountry "USA"]
[SourceTitle "CB07_2024"]
[SourceDate "2024.02.14"]
[SourceVersion "1"]
[SourceVersionDate "2024.02.14"]
[SourceQuality "1"]

1. Nf3 d5 2. d4 Nf6 3. c4 Bf5 4. Nc3 e6 5. Qb3 Nc6 6. a3 Na5 7. Qa4+ c6 8. c5 Be7 9. e3 0-0 10. Be2 b5 11. Qd1 Ne4 12. Nxe4 Bxe4 13. 0-0 f5 14. Ne5 Rc8 15. f3 1-0

[Event "Titled Tuesday intern op 06th Feb Early"]
[Site "Chess.com INT"]
[Date "2024.02.06"]
[Round "2"]
[White "Belmonte, Diego Mariano"]
[Black "Sailer, Mike L"]
[Result "1-0"]
[WhiteElo "2305"]
[BlackElo "2095"]
[PlyCount "49"]
[EventDate "2024.02.06"]
[EventType "swiss (blitz)"]
[EventRounds "11"]
[EventCountry "USA"]
[SourceTitle "CB07_2024"]
[SourceDate "2024.02.14"]
[SourceVersion "1"]
[SourceVersionDate "2024.02.14"]
[SourceQuality "1"]

1. d4 d5 2. Bg5 Nf6 3. Bxf6 gxf6 4. e3 Bf5 5. Be2 e6 6. g4 Bg6 7. h4 h6 8. Nd2 Bd6 9. h5 Bh7 10. Bd3 Bxd3 11. cxd3 a6 12. Ne2 Nd7 13. Nc3 Qe7 14. Rc1 0-0-0 15. Na4 Kb8 16. Nb3 e5 17. Kf1 exd4 18. exd4 f5 19. Nbc5 fxg4 20. Qb3 b6 21. Nxa6+ Ka7 22. Nxc7 Bxc7 23. Rxc7+ Kb8 24. Nxb6 Kxc7 25. Nxd5+ 1-0

[Event "Titled Tuesday intern op 06th Feb Early"]
[Site "Chess.com INT"]
[Date "2024.02.06"]
[Round "4"]
[White "Goganova, Yana"]
[Black "Sailer, Mike L"]
[Result "0-1"]
[WhiteElo "1966"]
[BlackElo "2095"]
[PlyCount "76"]
[EventDate "2024.02.06"]
[EventType "swiss (blitz)"]
[EventRounds "11"]
[EventCountry "USA"]
[SourceTitle "CB07_2024"]
[SourceDate "2024.02.14"]
[SourceVersion "1"]
[SourceVersionDate "2024.02.14"]
[SourceQuality "1"]

1. e4 d5 2. exd5 Qxd5 3. Nc3 Qd6 4. d4 c6 5. Nf3 Nf6 6. Ne5 Nbd7 7. Bf4 Qb4 8. Rb1 Nd5 9. Nd3 Nxc3 10. bxc3 Qxc3+ 11. Bd2 Qxd4 12. Be2 e6 13. 0-0 Be7 14. Rb3 0-0 15. Bc3 Qh4 16. g3 Qh6 17. Bd2 Bg5 18. f4 Bf6 19. g4 Bd4+ 20. Kg2 b6 21. f5 Qh4 22. Nf4 exf5 23. Rh3 Qe7 24. Bd3 Bb7 25. Bxf5 c5+ 26. Kg3 Nf6 27. g5 Ne4+ 28. Bxe4 Qxe4 29. Qh5 Rae8 30. g6 h6 31. Rh4 fxg6 32. Qxg6 Rxf4 33. Rhxf4 Qg2+ 34. Kh4 Qxg6 35. h3 Bf6+ 36. Rxf6 gxf6 37. c4 Re4+ 38. Bf4 Qg5# 0-1

[Event "Titled Tuesday intern op 16th Jan Late"]
[Site "Chess.com INT"]
[Date "2024.01.16"]
[Round "1"]
[White "Saha, Ananda"]
[Black "Sailer, Mike L"]
[Result "1-0"]
[WhiteElo "1992"]
[BlackElo "2095"]
[PlyCount "63"]
[EventDate "2024.01.16"]
[EventType "swiss (blitz)"]
[EventRounds "11"]
[EventCountry "USA"]
[SourceTitle "CB04_2024"]
[SourceDate "2023.10.16"]
[SourceVersion "1"]
[SourceVersionDate "2023.10.16"]
[SourceQuality "1"]

1. d4 d5 2. Nf3 Nf6 3. Bg5 c6 4. e3 Bf5 5. Bd3 e6 6. 0-0 Bd6 7. Ne5 Bxd3 8. cxd3 Nbd7 9. Nxd7 Qxd7 10. f4 h6 11. Bxf6 gxf6 12. Nc3 f5 13. Qf3 0-0-0 14. Rad1 h5 15. e4 fxe4 16. dxe4 h4 17. e5 Be7 18. f5 Bg5 19. b4 h3 20. g3 Rhg8 21. a4 Kb8 22. b5 Rdf8 23. Rb1 f6 24. fxe6 Qxe6 25. bxc6 Qxc6 26. Qxd5 Qxd5 27. Nxd5 fxe5 28. dxe5 Rxf1+ 29. Rxf1 Re8 30. Rf5 Bd2 31. Kf2 Rd8 32. e6 1-0

[Event "Titled Tuesday intern op 16th Jan Late"]
[Site "Chess.com INT"]
[Date "2024.01.16"]
[Round "2"]
[White "Sailer, Mike L"]
[Black "Melian, Juan Sebastian"]
[Result "0-1"]
[WhiteElo "2095"]
[BlackElo "2238"]
[PlyCount "50"]
[EventDate "2024.01.16"]
[EventType "swiss (blitz)"]
[EventRounds "11"]
[EventCountry "USA"]
[SourceTitle "CB04_2024"]
[SourceDate "2023.10.16"]
[SourceVersion "1"]
[SourceVersionDate "2023.10.16"]
[SourceQuality "1"]

1. d4 g6 2. Bf4 Bg7 3. e3 d6 4. Nf3 Nd7 5. c4 e5 6. Bg3 Qe7 7. Be2 Ngf6 8. 0-0 0-0 9. Nc3 c6 10. h3 Re8 11. Re1 Nh5 12. Bh2 f5 13. b4 Nhf6 14. b5 e4 15. Nd2 g5 16. bxc6 bxc6 17. d5 c5 18. Nb5 Ne5 19. Rb1 a6 20. Qa4 Bd7 21. Qb3 axb5 22. cxb5 Reb8 23. a4 Ng6 24. Nc4 f4 25. a5 Rxb5 0-1